000
00294nam a2200121Ia 4500
008
220216s9999 xx 000 0 und d
245
4
_a
The sad road from Kyoto to Durban
260
_b
The Economist
_c
2011
300
_a
16
650
_a
Climate change
650
_a
Global warming
942
_c
JS
999
_c
71026
_d
71026